| 000 | 00890cam a22002893a 4500 | ||
|---|---|---|---|
| 001 | 3091 | ||
| 003 | PGUSA | ||
| 005 | 20140828083025.0 | ||
| 008 | 020201s2002||||xxu|||||s|||||000 1 eng d | ||
| 040 |
_aPGUSA _beng |
||
| 042 | _adc | ||
| 050 | 4 | _aPQ | |
| 100 | 1 |
_aVerne, Jules, _d1828-1905 |
|
| 245 | 1 | 0 |
_aEight Hundred Leagues on the Amazon _h[electronic resource] / _cJules Verne |
| 260 |
_bProject Gutenberg, _c2002 |
||
| 506 | _aPublic domain in the USA. | ||
| 516 | _aElectronic text | ||
| 653 | _aAdventure and adventurers -- Fiction | ||
| 653 | _aVoyages and travels -- Fiction | ||
| 653 | _aAmazon River -- Fiction | ||
| 653 | _aPeru -- Social life and customs -- Fiction | ||
| 653 | _aBrazil -- Social life and customs -- Fiction | ||
| 653 | _aRafts -- Fiction | ||
| 830 | 0 |
_aProject Gutenberg _v3091 |
|
| 856 | 4 | 0 | _uhttp://www.gutenberg.org/ebooks/3091 |
| 942 | _cEB | ||
| 999 |
_c232420 _d232420 |
||